[Event "World Blitz 2015"]
[Site "Berlin GER"]
[Date "2015.10.13"]
[Round "11.55"]
[White "Sethuraman, S.P."]
[Black "Nepomniachtchi, Ian"]
[Result "0-1"]
[WhiteTitle "GM"]
[BlackTitle "GM"]
[WhiteElo "2640"]
[BlackElo "2705"]
[WhiteFideId "5021596"]
[BlackFideId "4168119"]
[EventDate "2015.10.13"]

1. e4 c5 2. Nf3 d6 3. d4 Nf6 4. Nc3 cxd4 5. Nxd4 a6 6. Bg5 e6 7. f4 h6 8. Bh4
Nbd7 9. Qe2 Qc7 10. O-O-O Be7 11. Nf3 Nb6 12. Kb1 Bd7 13. e5 dxe5 14. Nxe5 Bc6
15. Rg1 Nfd5 16. Nxd5 Nxd5 17. Bxe7 Qxe7 18. g3 O-O 19. Bg2 Qb4 20. Ka1 Rfd8 21.
a3 Qb6 22. Rge1 Ne7 23. Rxd8+ Rxd8 24. Nxf7 Bb5 25. c4 Bxc4 26. Qxc4 Rd2 27. Re2
Qxb2# 0-1

[Event "World Blitz 2015"]
[Site "Berlin GER"]
[Date "2015.10.13"]
[Round "11.56"]
[White "Al-Sayed, Mohammed"]
[Black "Rakhmanov, Aleksandr"]
[Result "1-0"]
[WhiteTitle "GM"]
[BlackTitle "GM"]
[WhiteElo "2520"]
[BlackElo "2637"]
[WhiteFideId "12100196"]
[BlackFideId "4173708"]
[EventDate "2015.10.13"]

1. d4 Nf6 2. c4 d6 3. Nc3 e5 4. Nf3 e4 5. Nd2 Qe7 6. Nb3 h6 7. h3 c6 8. Bf4 g5
9. Bh2 e3 10. fxe3 Qxe3 11. Qd3 Qxd3 12. exd3 Be6 13. Be2 Be7 14. O-O Nbd7 15.
Ne4 Nxe4 16. dxe4 Nb6 17. d5 cxd5 18. exd5 Bd7 19. Nd4 Na4 20. Rae1 Nxb2 21. Bh5
Kd8 22. Rxf7 Bf8 23. Bg4 Bxg4 24. hxg4 Nd3 25. Ne6+ Ke8 26. Ref1 Be7 27. Nc7+
Kd7 28. Nxa8 Rxa8 29. R1f3 Nf4 30. Bxf4 gxf4 31. R3xf4 Rg8 32. Re4 Re8 33. Rh7
a6 34. Rxh6 b5 35. cxb5 axb5 36. Rh7 1-0

[Event "World Blitz 2015"]
[Site "Berlin GER"]
[Date "2015.10.13"]
[Round "11.57"]
[White "Piorun, Kacper"]
[Black "Dlugy, Maxim"]
[Result "1-0"]
[WhiteTitle "GM"]
[BlackTitle "GM"]
[WhiteElo "2609"]
[BlackElo "2518"]
[WhiteFideId "1130420"]
[BlackFideId "2000075"]
[EventDate "2015.10.13"]

1. Nf3 Nf6 2. g3 g6 3. Bg2 Bg7 4. O-O O-O 5. d3 d5 6. Nbd2 c5 7. e4 Nc6 8. exd5
Nxd5 9. Nc4 b6 10. a4 h6 11. c3 Bb7 12. Re1 Rc8 13. Qb3 Ba8 14. a5 Rb8 15. axb6
axb6 16. Nh4 b5 17. Rxa8 Rxa8 18. Qxb5 e6 19. Qxc6 Ra1 20. Bd2 Rxe1+ 21. Bxe1
Ne7 22. Qe4 Qd7 23. Nf3 Rd8 24. Nfe5 Qc7 25. h4 Nf5 26. Nc6 Rd5 27. N6a5 Kh7 28.
Qe2 Qd8 29. Nc6 Qc7 30. Bxd5 exd5 31. N4a5 Bf6 32. b4 Qb6 33. bxc5 Qxc5 34. d4
Qa3 35. Kg2 Nd6 36. Qf3 Ne4 37. c4 Qc1 38. Qe2 Nd6 39. cxd5 Nf5 40. Qd2 Qa3 41.
Qc3 Qd6 42. Qc5 Qd7 43. Ne5 Qe8 44. Qc6 Bxe5 45. Qxe8 1-0

[Event "World Blitz 2015"]
[Site "Berlin GER"]
[Date "2015.10.13"]
[Round "11.58"]
[White "Abel, Dennes"]
[Black "Van Wely, Loek"]
[Result "0-1"]
[WhiteTitle "IM"]
[BlackTitle "GM"]
[WhiteElo "2441"]
[BlackElo "2632"]
[WhiteFideId "24605417"]
[BlackFideId "1000268"]
[EventDate "2015.10.13"]

1. d4 Nf6 2. c4 e6 3. g3 c5 4. d5 exd5 5. cxd5 b5 6. e4 Nxe4 7. Bg2 Nd6 8. Nf3
Be7 9. O-O O-O 10. Bf4 Na6 11. Nc3 b4 12. Bxd6 Bxd6 13. Ne4 Qb6 14. Nfd2 Bb8 15.
d6 Bb7 16. Nc4 Qb5 17. b3 Re8 18. Re1 Re6 19. Ng5 Bxg2 20. Nxe6 Bb7 21. Nd4 0-1

[Event "World Blitz 2015"]
[Site "Berlin GER"]
[Date "2015.10.13"]
[Round "11.60"]
[White "Roiz, Michael"]
[Black "Stern, Rene"]
[Result "1-0"]
[WhiteTitle "GM"]
[BlackTitle "GM"]
[WhiteElo "2600"]
[BlackElo "2538"]
[WhiteFideId "2804158"]
[BlackFideId "4611799"]
[EventDate "2015.10.13"]

1. Nf3 Nf6 2. c4 e6 3. Nc3 d5 4. d4 Nbd7 5. e3 Be7 6. b3 O-O 7. Bb2 b6 8. cxd5
exd5 9. Bd3 Bb7 10. O-O Bd6 11. Nb5 Be7 12. Qc2 c6 13. Nc3 Bd6 14. Ne2 Re8 15.
Ng3 Rc8 16. a4 c5 17. Qe2 Ne4 18. Rfd1 Nxg3 19. hxg3 Qe7 20. dxc5 Nxc5 21. Nd4
Be5 22. Bf5 Rcd8 23. Bc2 g6 24. b4 Ne4 25. b5 Rc8 26. Rd3 Nc5 27. Rdd1 Bg7 28.
a5 Ne6 29. axb6 axb6 30. Bb3 Nc5 31. Bc2 Ra8 32. Rxa8 Rxa8 33. Ra1 Rxa1+ 34.
Bxa1 Qc7 35. Qd1 Ne6 36. Nxe6 fxe6 37. Bxg7 Kxg7 38. Qd4+ e5 39. Qb2 Kf7 40. Bb3
Qd6 41. e4 Ke7 42. exd5 Bxd5 43. Bxd5 Qxd5 44. Qb4+ Kf7 45. Qa4 Qc5 46. Qb3+ Kf6
47. Qf3+ Kg7 48. Qc6 Qd4 49. g4 Qd1+ 50. Kh2 Qxg4 51. Qc7+ Kh6 52. Qxb6 Qh5+ 53.
Kg3 Qg5+ 54. Kf3 Qf4+ 55. Ke2 Qc4+ 56. Ke3 Qf4+ 57. Kd3 Qf5+ 58. Kc3 Qe4 59.
Qe3+ Qxe3+ 60. fxe3 1-0

[Event "World Blitz 2015"]
[Site "Berlin GER"]
[Date "2015.10.13"]
[Round "11.61"]
[White "Wagner, Dennis"]
[Black "Schneider, Ilja"]
[Result "1-0"]
[WhiteTitle "GM"]
[BlackTitle "IM"]
[WhiteElo "2575"]
[BlackElo "2481"]
[WhiteFideId "24650684"]
[BlackFideId "4663306"]
[EventDate "2015.10.13"]

1. d4 d5 2. c4 c6 3. Nf3 Nf6 4. g3 Bf5 5. Nc3 e6 6. Nh4 Bg6 7. Qb3 Qd7 8. Bg2
Be7 9. O-O O-O 10. Nxg6 hxg6 11. Rd1 Na6 12. e4 dxe4 13. Nxe4 Nxe4 14. Bxe4 Bf6
15. Be3 Rad8 16. h4 Qe7 17. Bc2 Qb4 18. Qd3 Bxd4 19. Bxd4 e5 20. a3 Qa5 21. Bc3
Qc7 22. Qe3 Qe7 23. Qxe5 1-0

[Event "World Blitz 2015"]
[Site "Berlin GER"]
[Date "2015.10.13"]
[Round "11.63"]
[White "Papin, Vasily"]
[Black "Rabiega, Robert"]
[Result "1-0"]
[WhiteTitle "GM"]
[BlackTitle "GM"]
[WhiteElo "2502"]
[BlackElo "2503"]
[WhiteFideId "4143183"]
[BlackFideId "4601475"]
[EventDate "2015.10.13"]

1. c4 e6 2. g3 d5 3. Bg2 Nf6 4. Nf3 dxc4 5. Qa4+ Nbd7 6. Qxc4 a6 7. Qc2 c5 8.
Nc3 Rb8 9. d4 Bd6 10. O-O Qe7 11. dxc5 Nxc5 12. Rd1 O-O 13. Rxd6 Qxd6 14. Bf4
Qb6 15. Bxb8 Bd7 16. Be5 Rc8 17. Bxf6 gxf6 18. Rd1 Bc6 19. Nd4 Be8 20. Qb1 f5
21. e4 fxe4 22. Nxe4 Nd7 23. Nf3 Nf8 24. Nf6+ Kg7 25. Nxe8+ Rxe8 26. b3 Rc8 27.
Qb2+ f6 28. Ng5 e5 29. Ne4 Rc6 30. Qe2 Ne6 31. Qg4+ Kf7 32. Rd7+ Kf8 33. Nxf6 1-0

[Event "World Blitz 2015"]
[Site "Berlin GER"]
[Date "2015.10.13"]
[Round "11.65"]
[White "Van Foreest, Jorden"]
[Black "Khismatullin, Denis"]
[Result "0-1"]
[WhiteTitle "IM"]
[BlackTitle "GM"]
[WhiteElo "2548"]
[BlackElo "2651"]
[WhiteFideId "1039784"]
[BlackFideId "4142578"]
[EventDate "2015.10.13"]

1. e4 c5 2. Nc3 d6 3. Nge2 a6 4. g3 b5 5. Bg2 Bb7 6. d4 cxd4 7. Nxd4 g6 8. O-O
Nd7 9. a4 bxa4 10. Re1 e5 11. Nde2 Ngf6 12. Rxa4 h5 13. Bg5 Be7 14. Qd2 Nc5 15.
Bxf6 Bxf6 16. Raa1 h4 17. Nd5 hxg3 18. hxg3 Bg5 19. Qa5 Qxa5 20. Rxa5 Bxd5 21.
exd5 Bd2 22. Rxc5 Bxe1 23. Rc7 O-O 24. c3 Rab8 25. b4 Rfc8 26. Rc6 Kf8 27. Rxd6
Bxc3 28. Nxc3 Rxc3 29. Rxa6 Rxb4 30. Ra8+ Kg7 31. Ra2 e4 32. g4 Rd4 33. Ra7 Rc2
34. Ra1 f5 35. gxf5 gxf5 36. Ra7+ Kf6 37. Ra6+ Ke5 38. Bh3 Rd1+ 39. Kg2 Rdd2 40.
Kg3 Rc3+ 41. Kg2 Rf3 42. d6 Rfxf2+ 43. Kg1 Rf3 44. Ra5+ Kxd6 45. Bxf5 e3 46.
Ra6+ Ke5 47. Ra5+ Kf4 48. Bc8 Rd1+ 49. Kg2 Rf2+ 50. Kh3 Rh1# 0-1

[Event "World Blitz 2015"]
[Site "Berlin GER"]
[Date "2015.10.13"]
[Round "11.66"]
[White "Sumets, Andrey"]
[Black "Svane, Rasmus"]
[Result "1/2-1/2"]
[WhiteTitle "GM"]
[BlackTitle "IM"]
[WhiteElo "2583"]
[BlackElo "2543"]
[WhiteFideId "14105500"]
[BlackFideId "4657101"]
[EventDate "2015.10.13"]

1. Nf3 d5 2. d4 Nf6 3. c4 c6 4. cxd5 cxd5 5. Nc3 Nc6 6. Bf4 Bf5 7. Qb3 Na5 8.
Qa4+ Bd7 9. Qc2 e6 10. e3 Be7 11. h3 Rc8 12. Bd3 b5 13. a3 a6 14. O-O O-O 15.
Ne5 Nc4 16. Qe2 Qb6 17. a4 Rfd8 18. axb5 axb5 19. Rfc1 Be8 20. b3 Na3 21. Qb2 b4
22. Ne2 Bb5 23. Rxc8 Rxc8 24. Rc1 Rxc1+ 25. Qxc1 Bxd3 26. Nxd3 Qb7 27. Bg5 h6
28. Bxf6 Bxf6 29. Nef4 Be7 30. Ne5 Nb5 31. Qc6 Qxc6 32. Nxc6 Bd6 33. Nd3 Nc3 34.
Kf1 Na2 35. Ke2 Kf8 36. Kd2 Ke8 37. Kc2 Kd7 38. Nce5+ Ke8 39. Kb2 Nc3 40. Kc2
Na2 41. f3 f6 42. Ng4 Nc3 43. Ngf2 Kd7 44. e4 Nb5 45. exd5 Nxd4+ 46. Kb2 exd5
47. Nc1 Be5 48. Ka2 Nc6 49. Ncd3 Bc3 50. Kb1 Ne5 51. Kc2 Nc6 52. Nc1 Kd6 53. Kd3
Ne5+ 54. Kc2 Kc5 55. Nd1 Bd4 56. Nd3+ Nxd3 57. Kxd3 f5 58. g4 g6 59. Ne3 Bxe3
60. Kxe3 d4+ 61. Kd3 Kd5 62. gxf5 gxf5 63. f4 Kc5 64. Kd2 Kc6 65. Ke2 Kd6 66.
Kd2 Ke6 67. Ke2 Kd5 68. Kd3 Kc5 69. Kd2 Kc6 70. Ke2 Kd6 71. Kd2 Ke6 72. Ke2 Kd5
73. Kd3 Kc5 74. Kd2 1/2-1/2

[Event "World Blitz 2015"]
[Site "Berlin GER"]
[Date "2015.10.13"]
[Round "11.67"]
[White "Kunin, Vitaly"]
[Black "Stefansson, Hannes"]
[Result "0-1"]
[WhiteTitle "GM"]
[BlackTitle "GM"]
[WhiteElo "2556"]
[BlackElo "2602"]
[WhiteFideId "4128737"]
[BlackFideId "2300087"]
[EventDate "2015.10.13"]

1. d4 Nf6 2. c4 e6 3. Nf3 d5 4. Nc3 c6 5. e3 Nbd7 6. Qc2 Bd6 7. b3 O-O 8. Be2 b6
9. O-O Bb7 10. Bb2 Qe7 11. Rad1 Rad8 12. Rfe1 Rfe8 13. Bf1 c5 14. cxd5 exd5 15.
h3 a6 16. Nh4 Bb8 17. Nf5 Qe6 18. Ne2 Ne4 19. Nfg3 Nxg3 20. Nxg3 Bxg3 21. fxg3
Rc8 22. dxc5 Nxc5 23. Qc3 Qg6 24. g4 Ne6 25. Qd3 Rc2 26. Re2 Rec8 27. Qxg6 hxg6
28. Rdd2 R2c7 29. g3 Ng5 30. Bg2 Re8 31. Rd4 Ne4 32. Bxe4 Rxe4 33. Rxe4 dxe4 34.
Rd2 g5 35. h4 Bc8 36. hxg5 Bxg4 37. Kf2 Kh7 38. Bd4 b5 39. b4 Rc1 40. Bc5 Ra1
41. Rd4 Rxa2+ 42. Kf1 Bh3+ 43. Ke1 Bf5 44. Rd6 Be6 45. Rd4 Rg2 46. Bd6 Bf5 47.
Bf4 Ra2 48. Rd6 Rb2 49. Rxa6 Rxb4 50. Kd2 Be6 51. Kc3 Rc4+ 52. Kb2 Rb4+ 53. Kc3
Rb3+ 54. Kd4 Rb1 55. Rb6 b4 56. Kc5 b3 57. Kd6 Kg6 58. Ke7 Kf5 59. Kf8 g6 60.
Rb5+ Kg4 61. Ke7 Kf3 62. Kf6 Ke2 63. Ke5 Kd3 64. Rb7 Kc2 65. Kxe4 Rd1 66. Rc7+
Kb1 67. Be5 Rd2 68. Rc5 b2 69. Rb5 Kc1 70. Rc5+ Rc2 71. Bxb2+ Kxb2 72. Ra5 Kb3
73. Ke5 Rc3 74. Kf4 Kb4 75. Ra7 Rc4+ 76. e4 Kc3 77. Ra8 Bd5 78. Re8 Kd3 79. Rd8
Rxe4+ 80. Kf3 Kd4 81. Kf2 Re5 82. Rb8 Rxg5 83. Rb4+ Bc4 84. Rb6 Rf5+ 85. Kg1 Ke3
86. Rb4 Bd3 87. Rb3 Rc5 88. Kg2 g5 89. Ra3 g4 90. Kh2 Rc2+ 91. Kg1 Rd2 92. Ra7
Kf3 93. Ra1 Kxg3 94. Re1 f5 95. Re3+ Kh4 96. Re7 f4 97. Re8 Kg3 98. Re1 f3 99.
Kh1 Rh2+ 0-1

[Event "World Blitz 2015"]
[Site "Berlin GER"]
[Date "2015.10.13"]
[Round "11.68"]
[White "Donchenko, Alexander"]
[Black "Agrest, Evgenij"]
[Result "1/2-1/2"]
[WhiteTitle "GM"]
[BlackTitle "GM"]
[WhiteElo "2577"]
[BlackElo "2596"]
[WhiteFideId "24603295"]
[BlackFideId "1705024"]
[EventDate "2015.10.13"]

1. d4 d5 2. c4 c6 3. Nf3 Nf6 4. Nc3 e6 5. Bg5 Nbd7 6. e3 Qa5 7. cxd5 Nxd5 8. Qd2
Bb4 9. Rc1 h6 10. Bh4 b6 11. a3 Bxc3 12. bxc3 Ba6 13. c4 Qxd2+ 14. Nxd2 Ne7 15.
e4 c5 16. d5 exd5 17. cxd5 Bxf1 18. Rxf1 Ne5 19. Ke2 g5 20. Bg3 N7g6 21. Nf3
Nxf3 22. Kxf3 Kd7 23. e5 Rhe8 24. Rfe1 Rac8 25. Kg4 c4 26. Kf5 Ne7+ 27. Ke4 Ng6
28. Kf5 Ne7+ 29. Ke4 Ng6 30. Kd4 b5 31. a4 a6 32. axb5 axb5 33. Ra1 Ra8 34. e6+
fxe6 35. dxe6+ Kc6 36. Rxa8 Rxa8 37. Ke4 Rf8 38. Ra1 c3 39. Kd3 Kd5 40. Ra6 Nf4+
41. Kxc3 Ne2+ 42. Kb4 Nxg3 43. fxg3 Re8 44. Kxb5 Rxe6 45. Rxe6 Kxe6 46. Kc4 Ke5
47. Kd3 h5 48. Ke3 Kd5 49. Kf3 Ke5 50. g4 h4 51. Ke3 Kd5 52. h3 Ke5 53. Kd3 Kf4
54. Ke2 Kg3 55. Kf1 Kf4 56. Kf2 Ke5 57. Ke3 Kd5 58. g3 hxg3 59. Kf3 Ke5 60. Kxg3
Kf6 61. Kf2 Ke6 62. Ke2 Kd6 63. Kd2 Ke6 64. Ke2 Kd6 65. Kf2 Ke6 66. Kf3 Kf6 67.
Ke4 Ke6 68. Kd4 Kd6 69. Kd3 Kd5 70. Ke3 Ke5 71. Kf3 Kf6 72. Ke3 Ke7 73. Kd3 Kd7
74. Kc3 Kc7 75. Kb3 Kb7 76. Kb4 Kb6 77. Kc4 Kc6 78. Kd4 Kd6 79. Ke4 Ke6 80. Kf3
Kf6 81. Kg3 Kg6 82. h4 gxh4+ 1/2-1/2

[Event "World Blitz 2015"]
[Site "Berlin GER"]
[Date "2015.10.13"]
[Round "11.69"]
[White "Halkias, Stelios"]
[Black "Guliyev, Namig"]
[Result "0-1"]
[WhiteTitle "GM"]
[BlackTitle "GM"]
[WhiteElo "2534"]
[BlackElo "2579"]
[WhiteFideId "4201809"]
[BlackFideId "13400363"]
[EventDate "2015.10.13"]

1. e4 e5 2. Nf3 Nf6 3. Nxe5 d6 4. Nf3 Nxe4 5. Nc3 Nf6 6. d4 Be7 7. d5 O-O 8. Be2
a6 9. O-O c5 10. dxc6 Nxc6 11. Bg5 h6 12. Bh4 Be6 13. Qd2 Qb6 14. b3 d5 15. Na4
Qa7 16. Rad1 Ne4 17. Qc1 Bxh4 18. Nxh4 b5 19. Nb2 Nc3 20. Rde1 Nxa2 21. Qd2 Qd4
22. Nd3 Qxh4 23. c3 d4 24. Qxa2 dxc3 25. Bf3 Rac8 26. Qxa6 Nd4 27. Bb7 Rcd8 28.
Nc5 Bxb3 29. Re4 Qf6 30. Qxf6 gxf6 31. Rg4+ Kh8 32. Rxd4 Rxd4 33. Nxb3 Rb4 34.
Bd5 Kg7 35. Na5 Rc8 36. Nc6 Rb2 37. Nd4 c2 38. Ne2 Rd8 39. Be4 Rd1 40. g3 Rxf1+
41. Kxf1 Rb1+ 42. Kg2 c1=Q 43. Nxc1 Rxc1 44. Kf3 b4 45. Ke2 b3 46. Kd2 b2 0-1

[Event "World Blitz 2015"]
[Site "Berlin GER"]
[Date "2015.10.13"]
[Round "11.70"]
[White "Agdestein, Simen"]
[Black "Kovalev, Vladislav"]
[Result "1-0"]
[WhiteTitle "GM"]
[BlackTitle "GM"]
[WhiteElo "2606"]
[BlackElo "2546"]
[WhiteFideId "1500015"]
[BlackFideId "13504398"]
[EventDate "2015.10.13"]

1. c4 Nf6 2. g3 g6 3. Bg2 c5 4. Nc3 Bg7 5. Nf3 O-O 6. d4 cxd4 7. Nxd4 Nc6 8. O-O
Qa5 9. Nb3 Qh5 10. e4 Qxd1 11. Rxd1 d6 12. c5 dxc5 13. Nxc5 Rb8 14. Bf4 e5 15.
Be3 b6 16. Nb3 Bg4 17. Rd2 Rfd8 18. Nd5 Nxd5 19. exd5 Ne7 20. h3 Bd7 21. g4 h5
22. gxh5 gxh5 23. Rc2 Nf5 24. Bg5 f6 25. Bd2 Bf8 26. Bf3 Nd6 27. Kh2 Rbc8 28.
Rac1 h4 29. Rc7 Rxc7 30. Rxc7 Nb5 31. Rc4 Rc8 32. Rxc8 Bxc8 33. Nc1 Nd4 34. Bg2
Bf5 35. Be3 Nc2 36. Bd2 Bc5 37. Kg1 Kf7 38. Nb3 Bd6 39. Bc3 a5 40. Nd2 Bf8 41.
Nf3 Bd3 42. Nxh4 Nb4 43. a3 Na2 44. Bd2 Bc5 45. Bf3 Bd4 46. Bh5+ Ke7 47. Bg6
Bxg6 48. Nxg6+ Kd6 49. h4 f5 50. b4 axb4 51. axb4 e4 52. Nf4 Nc3 53. h5 Nxd5 54.
Ng6 Nf6 55. h6 Nh7 56. Kf1 Ke6 57. Ke2 Kf6 58. Nf4 b5 59. Nd5+ Kg6 60. Ne7+ Kf6
61. Nc6 Bb2 62. Na7 Be5 63. Nxb5 f4 64. Bc3 Ng5 65. Bxe5+ Kxe5 66. Nc3 Kf6 67.
b5 Kg6 68. b6 f3+ 69. Ke3 1-0

[Event "World Blitz 2015"]
[Site "Berlin GER"]
[Date "2015.10.13"]
[Round "11.71"]
[White "Teske, Henrik"]
[Black "Lagarde, Maxime"]
[Result "0-1"]
[WhiteTitle "GM"]
[BlackTitle "GM"]
[WhiteElo "2475"]
[BlackElo "2550"]
[WhiteFideId "4611500"]
[BlackFideId "662399"]
[EventDate "2015.10.13"]

1. c4 f5 2. Nc3 Nf6 3. g3 g6 4. Bg2 Bg7 5. d3 e5 6. e4 d6 7. Nge2 c6 8. O-O O-O
9. b4 f4 10. gxf4 Nh5 11. fxe5 dxe5 12. Be3 Qh4 13. f3 Nf4 14. Bxf4 exf4 15. d4
g5 16. e5 Bf5 17. Ne4 Bxe4 18. fxe4 Nd7 19. Qb3 h5 20. c5+ Kh8 21. Rad1 Rae8 22.
e6 Nf6 23. d5 Ng4 24. Qh3 Qxh3 25. Bxh3 Ne3 26. d6 g4 27. e7 Nxd1 28. exf8=Q+
Rxf8 29. Rxd1 gxh3 30. d7 Bf6 31. Nxf4 Rg8+ 32. Kf2 Bd8 33. Nxh3 Kg7 34. Rg1+
Kf7 35. Rxg8 Kxg8 36. Nf4 Kf7 37. Nxh5 Ke6 38. Ke3 Kxd7 39. e5 Bg5+ 40. Nf4 Bh4
41. Ke4 Be1 42. Nd3 Bd2 43. Kf5 a5 44. a3 a4 45. h4 Ke7 46. h5 Bh6 47. Nf4 Kf7
48. e6+ Ke7 49. Ng6+ Ke8 50. Ne5 Bc1 51. Nc4 Ke7 52. Ke5 Bh6 53. Nd6 Bg7+ 54.
Kf5 Bb2 55. Nc4 Bc1 56. Ke5 Bh6 57. Kf5 Bc1 58. Ke5 Bh6 59. Na5 Bc1 60. Nc4 0-1

[Event "World Blitz 2015"]
[Site "Berlin GER"]
[Date "2015.10.13"]
[Round "11.72"]
[White "Nielsen, Peter Heine"]
[Black "Valdes Romero, Leonardo"]
[Result "1-0"]
[WhiteTitle "GM"]
[BlackTitle "IM"]
[WhiteElo "2654"]
[BlackElo "2362"]
[WhiteFideId "1400355"]
[BlackFideId "6500331"]
[EventDate "2015.10.13"]

1. a4 Nf6 2. Nf3 d6 3. g3 Nbd7 4. d4 e5 5. c4 Be7 6. Nc3 a5 7. e3 c6 8. Bg2 O-O
9. O-O Re8 10. Qc2 Bf8 11. Rd1 Qc7 12. b3 Nb8 13. c5 exd4 14. cxd6 Bxd6 15. Nxd4
Bf8 16. Bb2 Na6 17. Rac1 Bg4 18. Rd2 Nb4 19. Qb1 Qb6 20. Ne4 Nxe4 21. Bxe4 g6
22. Bf3 Bxf3 23. Nxf3 Bg7 24. Bxg7 Kxg7 25. Qb2+ Kg8 26. Qf6 Re6 27. Qh4 h5 28.
Ng5 Re5 29. Rcd1 Nd5 30. e4 Nc3 31. Nxf7 Nxd1 32. Nxe5 Qxb3 33. Qf6 Nc3 34.
Qxg6+ Kf8 35. Nd7+ Ke7 36. Qf6+ Ke8 37. Qf8# 1-0

[Event "World Blitz 2015"]
[Site "Berlin GER"]
[Date "2015.10.13"]
[Round "11.73"]
[White "Ehlvest, Jaan"]
[Black "Carow, Johannes"]
[Result "1-0"]
[WhiteTitle "GM"]
[BlackTitle "FM"]
[WhiteElo "2535"]
[BlackElo "2431"]
[WhiteFideId "4500016"]
[BlackFideId "24692050"]
[EventDate "2015.10.13"]

1. Nf3 c5 2. b3 b6 3. Bb2 Bb7 4. e3 Nf6 5. d4 e6 6. Bd3 Be7 7. O-O O-O 8. c4
cxd4 9. exd4 d5 10. Nbd2 Nc6 11. Rc1 dxc4 12. bxc4 Rc8 13. Re1 Qd7 14. Qe2 Rfd8
15. a3 Na5 16. d5 Bc5 17. Ne4 Nh5 18. Ne5 Nf4 19. Nf6+ gxf6 20. Qg4+ Ng6 21.
Nxd7 Rxd7 22. Bxf6 Nb3 23. Rcd1 1-0

[Event "World Blitz 2015"]
[Site "Berlin GER"]
[Date "2015.10.13"]
[Round "11.75"]
[White "Ladva, Ottomar"]
[Black "Shabalov, Alexander"]
[Result "1-0"]
[WhiteTitle "IM"]
[BlackTitle "GM"]
[WhiteElo "2423"]
[BlackElo "2522"]
[WhiteFideId "4500024"]
[BlackFideId "2008572"]
[EventDate "2015.10.13"]

1. d4 c5 2. d5 f5 3. c4 Nf6 4. Nc3 g6 5. Nf3 Bg7 6. g3 O-O 7. Bg2 d6 8. O-O Na6
9. Ng5 Nc7 10. e4 h6 11. Nh3 fxe4 12. Nf4 Bg4 13. Qc2 g5 14. Ne6 Nxe6 15. dxe6
Bxe6 16. Nxe4 Qd7 17. f4 gxf4 18. Bxf4 Ng4 19. Rae1 Bf5 20. h3 Ne5 21. g4 Bh7
22. Qe2 Nc6 23. Kh1 Rf7 24. Ng3 Kh8 25. Bd5 Rff8 26. Nh5 e5 27. Be3 Rxf1+ 28.
Rxf1 Rf8 29. Rxf8+ Bxf8 30. Qf2 Bg7 31. Nf6 Qe7 32. Nxh7 Kxh7 33. Qf5+ Kh8 34.
Be4 Kg8 35. Qh7+ Kf8 36. Bxh6 Qf7 37. Qh8+ 1-0

[Event "World Blitz 2015"]
[Site "Berlin GER"]
[Date "2015.10.13"]
[Round "11.76"]
[White "Naumann, Alexander"]
[Black "Pham, Le Thao Nguyen"]
[Result "1-0"]
[WhiteTitle "GM"]
[BlackTitle "IM"]
[WhiteElo "2545"]
[BlackElo "2319"]
[WhiteFideId "4623169"]
[BlackFideId "12401226"]
[EventDate "2015.10.13"]

1. d4 d5 2. c4 c6 3. Nf3 Nf6 4. Nc3 a6 5. a4 a5 6. Bf4 Na6 7. e3 Nb4 8. Be2 Bf5
9. O-O e6 10. Nh4 Bc2 11. Qd2 h6 12. Nf3 Be7 13. Ne5 O-O 14. h3 Bh7 15. Bh2 Bd6
16. Rac1 Re8 17. f3 Qe7 18. c5 Bc7 19. Nd1 Rac8 20. Nf2 Nd7 21. Ned3 Bxd3 22.
Nxd3 Nxd3 23. Bxd3 Bxh2+ 24. Kxh2 Ra8 25. f4 f6 26. Rb1 e5 27. Bg6 Rf8 28. b4
axb4 29. Rxb4 Ra7 30. Rfb1 exf4 31. exf4 Nb8 32. Re1 Qc7 33. g3 Qa5 34. Reb1 Na6
35. R4b2 Qxd2+ 36. Rxd2 Nc7 37. Re1 Rxa4 38. Re7 Nb5 39. Rxb7 Nxd4 40. Rdb2 f5
41. Re7 Nb5 42. Rbe2 Re4 43. g4 Nd4 44. R2xe4 fxe4 45. Kg2 Rb8 46. Kf2 Kf8 47.
Rf7+ Kg8 48. Rc7 Kf8 49. Ke3 Ne6 50. Rxc6 Rb3+ 51. Kd2 Ke7 52. f5 Nd4 53. Rc7+
Kf6 54. Rf7+ Ke5 55. Rxg7 Nf3+ 56. Kc2 Rb4 57. Re7+ Kf4 58. f6 Rc4+ 59. Kb2 Ng5
60. h4 e3 61. hxg5 Kxg5 62. f7 Re4 63. Bxe4 1-0

[Event "World Blitz 2015"]
[Site "Berlin GER"]
[Date "2015.10.13"]
[Round "11.77"]
[White "Carlstedt, Jonathan"]
[Black "Shchekachev, Andrei"]
[Result "1-0"]
[WhiteTitle "IM"]
[BlackTitle "GM"]
[WhiteElo "2442"]
[BlackElo "2531"]
[WhiteFideId "24614386"]
[BlackFideId "4107730"]
[EventDate "2015.10.13"]

1. c4 g6 2. g3 Bg7 3. Bg2 c5 4. Nc3 Nc6 5. e3 d6 6. Nge2 Nf6 7. d4 O-O 8. O-O
Bd7 9. b3 Rb8 10. Bb2 Qc8 11. Rb1 a6 12. Nd5 Bf5 13. Rc1 Ne4 14. g4 Nxf2 15.
Rxf2 Bxg4 16. Qd2 Qd8 17. h3 Bd7 18. Rcf1 f5 19. dxc5 dxc5 20. Bxg7 Kxg7 21. e4
e6 22. Ndf4 Qe7 23. Rd1 Rbd8 24. Qe3 Rfe8 25. exf5 exf5 26. Qxe7+ Nxe7 27. Nc3
Bc8 28. Rfd2 Rxd2 29. Rxd2 g5 30. Nfd5 Nc6 31. Nb6 Nd4 32. Nxc8 Rxc8 33. Bxb7
Re8 34. Kf2 g4 35. hxg4 fxg4 36. Ne4 Rf8+ 37. Kg2 Nf5 38. Nxc5 Re8 39. Ne4 Re7
40. Bd5 h5 41. c5 h4 42. c6 Kh6 43. Nc5 h3+ 44. Kh2 Kg5 45. c7 Kh4 46. Ne6 g3+
47. Kg1 Nd6 48. Bc4 Nc8 49. Rd8 Rf7 50. Rxc8 h2+ 51. Kh1 Kg4 52. Rg8+ Kf3 53.
Rxg3+ Kxg3 54. c8=Q Rf2 55. Qc7+ Kg4 56. Qc5 Rc2 57. Qg5+ Kf3 58. Nd4+ Ke4 59.
Nxc2 a5 60. Qd5+ Kf4 61. Qd4+ Kf3 62. Bd5+ Ke2 63. Qe3+ Kd1 64. Kxh2 a4 65. Qd3+
Kc1 66. Nb4 a3 67. Qc2# 1-0

[Event "World Blitz 2015"]
[Site "Berlin GER"]
[Date "2015.10.13"]
[Round "11.78"]
[White "Mikhalevski, Victor"]
[Black "Bruedigam, Martin"]
[Result "1-0"]
[WhiteTitle "GM"]
[BlackTitle "FM"]
[WhiteElo "2536"]
[BlackElo "2375"]
[WhiteFideId "2801914"]
[BlackFideId "24608033"]
[EventDate "2015.10.13"]

1. Nf3 Nf6 2. g3 d5 3. Bg2 c6 4. c4 e6 5. O-O Be7 6. b3 O-O 7. Bb2 Nbd7 8. d3 b5
9. Nbd2 Qb6 10. Qc2 a5 11. Rab1 Bb7 12. e4 Rfd8 13. d4 dxe4 14. Nxe4 Nxe4 15.
Qxe4 c5 16. d5 Nf6 17. Qe2 Re8 18. dxe6 fxe6 19. cxb5 a4 20. Rfe1 axb3 21. axb3
Bd5 22. Ng5 h6 23. Nxe6 Bxg2 24. Kxg2 Rab8 25. Qc4 Kh8 26. Be5 Bd6 27. Bxf6 gxf6
28. Qh4 Qb7+ 29. Kg1 Be5 30. Qxh6+ Qh7 31. Qxh7+ Kxh7 32. Nxc5 Rxb5 33. Nd7 Rd8
34. Nxe5 fxe5 35. Re3 Kg6 36. Rf3 Rdb8 37. Re1 Kg5 38. Re4 R8b7 39. h4+ Kg6 40.
Kg2 R7b6 41. Kh3 Rb7 42. Kg4 Rb4 43. Re3 R7b5 44. h5+ Kf6 45. Kh4 Rxe4+ 46. Rxe4
Rxb3 47. f4 exf4 48. Rxf4+ Kg7 49. g4 Rb1 50. Kg5 Rb6 51. Rf5 Rc6 52. Re5 Rb6
53. Re7+ Kf8 54. Rd7 Kg8 55. h6 Kh8 56. Kh5 Rc6 57. g5 Rb6 58. Rd8+ 1-0